[Event "XXXIII Festival A"]
[Site "Arco ITA"]
[Date "2011.10.25"]
[Round "4"]
[White "Tencheni, Maurizio"]
[Black "Sigillo, Carmelo"]
[Result "1-0"]
[WhiteElo "1647"]
[BlackElo "1773"]
[PlyCount "85"]
[EventDate "2011.10.22"]

1. c4 e5 2. Nc3 Nf6 3. g3 Nc6 4. Bg2 Bb4 5. a3 Bxc3 6. bxc3 O-O 7. e4 d6 8. Ne2
Be6 9. d3 h6 10. Rb1 Rb8 11. O-O Qd7 12. Re1 Nh7 13. Be3 f5 14. exf5 Bxf5 15.
Rb2 Nf6 16. Bc1 Nd8 17. d4 e4 18. Nf4 c6 19. Nh5 Bg4 20. Nxf6+ Rxf6 21. Qb3 Bf3
22. c5+ d5 23. c4 Ne6 24. Qc3 Ng5 25. Bxg5 hxg5 26. Re3 Rbf8 27. Qb3 R8f7 28.
cxd5 cxd5 29. Bxf3 exf3 30. Kf1 Qh3+ 31. Ke1 Qxh2 32. Qxd5 Rf5 33. Re8+ Kh7 34.
Qd8 Qg1+ 35. Kd2 Qxf2+ 36. Kc3 Qxg3 37. Rh8+ Kg6 38. Qg8 f2+ 39. Kb4 Kf6 40.
Qd8+ Kg6 41. Qg8 a5+ 42. Ka4 f1=Q 43. Rb6+ 1-0

[Event "XXXIII Festival A"]
[Site "Arco ITA"]
[Date "2011.10.25"]
[Round "4"]
[White "Thonig, Manfred"]
[Black "Anfuso, Luigi"]
[Result "1-0"]
[WhiteElo "1647"]
[BlackElo "1767"]
[PlyCount "45"]
[EventDate "2011.10.22"]

1. f4 Nf6 2. Nf3 d5 3. e3 Bg4 4. Be2 e6 5. O-O Be7 6. d4 Nbd7 7. Nbd2 O-O 8. c4
c6 9. Qe1 Ne4 10. Nxe4 dxe4 11. Ne5 Nxe5 12. fxe5 Bxe2 13. Qxe2 f5 14. exf6
Rxf6 15. Bd2 Rxf1+ 16. Rxf1 Bd6 17. Qg4 Qe7 18. c5 Bc7 19. Qxe4 Re8 20. b4 e5
21. d5 cxd5 22. Qxd5+ Kh8 23. Rf7 1-0

[Event "XXXIII Festival A"]
[Site "Arco ITA"]
[Date "2011.10.25"]
[Round "4"]
[White "Trimarchi, Giuseppe"]
[Black "Huss, Rolf"]
[Result "0-1"]
[WhiteElo "1923"]
[BlackElo "2163"]
[PlyCount "98"]
[EventDate "2011.10.22"]

1. e4 Nf6 2. e5 Nd5 3. d4 d6 4. c4 Nb6 5. exd6 cxd6 6. Be3 g6 7. Be2 Bg7 8. h3
O-O 9. Nf3 Nc6 10. Qd2 Re8 11. Nc3 d5 12. c5 Nc4 13. Bxc4 dxc4 14. O-O Bf5 15.
Rfd1 Bd3 16. Ne1 Nxd4 17. Nxd3 cxd3 18. Qxd3 Nf5 19. Qb5 Qc8 20. Rd7 Nxe3 21.
fxe3 a6 22. Qxb7 Qxc5 23. Nd5 Rab8 24. Qa7 Qxa7 25. Rxa7 e6 26. Ne7+ Kf8 27.
Nc6 Rb6 28. Rf1 f5 29. Nd4 Bh6 30. Re1 Re7 31. Rxe7 Kxe7 32. b3 Rd6 33. Nf3 Rd3
34. Kf2 Rc3 35. Re2 Kf6 36. g4 e5 37. gxf5 gxf5 38. Ne1 e4 39. Ng2 Ke5 40. Re1
f4 41. Nxf4 Bxf4 42. exf4+ Kxf4 43. h4 e3+ 44. Ke2 Rc2+ 45. Kd3 Rd2+ 46. Kc3
Kf3 47. Rf1+ Kg2 48. Rf7 Rf2 49. Re7 e2 0-1

[Event "XXXIII Festival A"]
[Site "Arco ITA"]
[Date "2011.10.25"]
[Round "4"]
[White "Vaccari, Giorgio"]
[Black "Rivara, Massimo"]
[Result "0-1"]
[WhiteElo "1656"]
[BlackElo "1834"]
[PlyCount "92"]
[EventDate "2011.10.22"]

1. e4 c5 2. Nf3 d6 3. d4 cxd4 4. Nxd4 Nf6 5. Nc3 a6 6. Be2 e5 7. Nf3 h6 8. O-O
Be7 9. Be3 Be6 10. Qe1 O-O 11. Rd1 Nbd7 12. b3 Qc7 13. Bc1 Rac8 14. Bb2 b5 15.
Bd3 Nc5 16. Qe2 b4 17. Nb1 Qc6 18. Rfe1 a5 19. c4 a4 20. Bc2 axb3 21. axb3 Ra8
22. Nbd2 Ra2 23. Rb1 Bg4 24. h3 Bh5 25. g4 Bg6 26. Nh4 Ne6 27. Nf5 Bxf5 28.
gxf5 Nf4 29. Qf3 Nh7 30. Kh2 Ng5 31. Qg3 Ngxh3 32. Nf3 Qc5 33. Rf1 Kh8 34. Ng1
Ng5 35. Bd1 Nxe4 36. Qe3 Qxe3 37. fxe3 Nd2 38. exf4 Nxb1 39. Rf2 Nc3 40. Bf3
Bf6 41. fxe5 dxe5 42. Kh3 e4 43. Bh5 Bd4 44. Rg2 Bxg1 45. Bxc3 Rxg2 46. Kxg2
bxc3 0-1

[Event "XXXIII Festival A"]
[Site "Arco ITA"]
[Date "2011.10.25"]
[Round "4"]
[White "Valsecchi, Alessio"]
[Black "Huemmer, Bernd"]
[Result "1-0"]
[WhiteElo "2338"]
[BlackElo "2218"]
[PlyCount "65"]
[EventDate "2011.10.22"]

1. e4 Nf6 2. e5 Nd5 3. d4 d6 4. Nf3 Nb6 5. a4 a5 6. Nc3 g6 7. Be2 Bg7 8. O-O
O-O 9. Bf4 d5 10. h3 Na6 11. b3 c6 12. Qd2 Nc7 13. Nd1 Ne6 14. Bg3 f6 15. exf6
exf6 16. Re1 Rf7 17. Nb2 Qf8 18. Nd3 Bd7 19. Rab1 Nc8 20. c4 Bh6 21. Qa2 Nd6
22. cxd5 cxd5 23. b4 Nc4 24. Nc5 Nxc5 25. bxc5 Bf5 26. Rbd1 Kg7 27. Bxc4 dxc4
28. Qxc4 Rd8 29. d5 Re7 30. Bd6 Rxe1+ 31. Rxe1 Rxd6 32. cxd6 Qxd6 33. Qb5 1-0

[Event "XXXIII Festival A"]
[Site "Arco ITA"]
[Date "2011.10.25"]
[Round "4"]
[White "Viviani, Alessio"]
[Black "Dittmar, Peter"]
[Result "0-1"]
[WhiteElo "2021"]
[BlackElo "2305"]
[PlyCount "54"]
[EventDate "2011.10.22"]

1. d4 Nf6 2. c4 e6 3. Nc3 Bb4 4. Qc2 Nc6 5. Nf3 d6 6. a3 Bxc3+ 7. Qxc3 O-O 8.
g3 a5 9. Bg2 a4 10. O-O Qe7 11. Bg5 h6 12. d5 Na5 13. Bxf6 Qxf6 14. Qxf6 gxf6
15. Nd2 Ra7 16. g4 exd5 17. cxd5 Bxg4 18. Rac1 b6 19. Ne4 f5 20. Nc3 Nb3 21.
Rcd1 Re8 22. f3 Bh5 23. Bh3 Bg6 24. Kf2 Re7 25. f4 Ra8 26. e4 fxe4 27. Rde1 Nc5
0-1

[Event "XXXIII Festival A"]
[Site "Arco ITA"]
[Date "2011.10.25"]
[Round "4"]
[White "Von Wantoch, Markus"]
[Black "Paehtz, Thomas sr"]
[Result "1/2-1/2"]
[WhiteElo "1923"]
[BlackElo "2437"]
[PlyCount "104"]
[EventDate "2011.10.22"]

1. e4 e5 2. Nc3 Nf6 3. Bc4 Nc6 4. d3 Na5 5. Bb3 Nxb3 6. axb3 Bb4 7. Bg5 h6 8.
Bh4 d6 9. Nge2 c6 10. O-O g5 11. Bg3 Nh5 12. d4 Nf4 13. dxe5 dxe5 14. Qxd8+
Kxd8 15. f3 Kc7 16. Bf2 b6 17. Ng3 h5 18. Rfe1 a5 19. Nge2 Ng6 20. Be3 f6 21.
Nc1 Nf4 22. N1e2 Ne6 23. Red1 Ba6 24. Kf2 Nf4 25. g3 Ne6 26. Na4 Rab8 27. c3
Be7 28. c4 Bb4 29. f4 gxf4 30. gxf4 exf4 31. Nxf4 Ng5 32. e5 fxe5 33. Ng6 Nh3+
34. Ke2 Rhe8 35. Rf1 Nf4+ 36. Nxf4 exf4 37. Rxf4 b5 38. Rf7+ Kc8 39. cxb5 Bxb5+
40. Kf2 Bxa4 41. bxa4 Rf8 42. Rxf8+ Bxf8 43. Bd4 Rb4 44. Bc3 Rh4 45. Kg3 Rg4+
46. Kf3 Bb4 47. Be5 Kd7 48. Rd1+ Ke6 49. Bc7 Rc4 50. Rd3 Rc2 51. b3 Kf5 52. Re3
c5 1/2-1/2

[Event "XXXIII Festival A"]
[Site "Arco ITA"]
[Date "2011.10.25"]
[Round "4"]
[White "Wagner, Frank"]
[Black "Dalponte, Dino"]
[Result "1/2-1/2"]
[WhiteElo "1910"]
[BlackElo "2078"]
[PlyCount "28"]
[EventDate "2011.10.22"]

1. b3 d5 2. Bb2 Bg4 3. g3 c6 4. Bg2 Nd7 5. Nf3 Ngf6 6. O-O e6 7. d3 Bxf3 8.
Bxf3 Qb6 9. Nd2 Bd6 10. Bg2 O-O 11. e3 Be5 12. Bxe5 Nxe5 13. d4 Ng6 14. c4 Nd7
1/2-1/2

[Event "XXXIII Festival A"]
[Site "Arco ITA"]
[Date "2011.10.25"]
[Round "4"]
[White "Zahn, Alina"]
[Black "Basso, Pier Luigi"]
[Result "0-1"]
[WhiteElo "1640"]
[BlackElo "2051"]
[PlyCount "78"]
[EventDate "2011.10.22"]

1. e4 c5 2. Nf3 d6 3. d4 cxd4 4. Nxd4 Nf6 5. Nc3 Nc6 6. Bg5 Bd7 7. Qd2 Rc8 8.
O-O-O Nxd4 9. Qxd4 Qa5 10. f4 Rxc3 11. bxc3 e5 12. Qb4 Qxb4 13. cxb4 Nxe4 14.
Re1 Nxg5 15. fxg5 Be7 16. h4 h6 17. gxh6 Rxh6 18. g3 g5 19. h5 g4 20. Bg2 b6
21. c4 f5 22. Bd5 e4 23. Kc2 Bf6 24. b5 Bd4 25. Rb1 Ke7 26. Rb3 Bc5 27. Rbb1
Bf2 28. Rb3 Bc5 29. Rbb1 Kf6 30. Rbf1 Ke5 31. Rf4 Be3 32. Rff1 Be8 33. Rh2 Rxh5
34. Rxh5 Bxh5 35. Bc6 f4 36. gxf4+ Bxf4 37. Rd1 g3 38. Re1 Bf3 39. Bd5 g2 0-1

[Event "XXXIII Festival A"]
[Site "Arco ITA"]
[Date "2011.10.25"]
[Round "4"]
[White "Ziltener, Werner"]
[Black "Martinez, Guido"]
[Result "1-0"]
[WhiteElo "2081"]
[BlackElo "1912"]
[PlyCount "107"]
[EventDate "2011.10.22"]

1. d4 Nf6 2. c4 g6 3. Nf3 Bg7 4. g3 O-O 5. Bg2 c5 6. O-O cxd4 7. Nxd4 Nc6 8.
Nc3 Nxd4 9. Qxd4 d6 10. h3 Ng4 11. Qd2 Ne5 12. b3 Nc6 13. Bb2 Qa5 14. Rfd1 Qh5
15. Kh2 Bd7 16. Nd5 Qh6 17. Qxh6 Bxh6 18. e3 Rac8 19. Rac1 Bg7 20. Bxg7 Kxg7
21. b4 Rfe8 22. c5 e6 23. Nf4 d5 24. Nd3 Kf6 25. f4 Red8 26. g4 Be8 27. a4 a6
28. Rd2 Na7 29. Ra2 Ke7 30. g5 Rc7 31. Rb1 Rdc8 32. Kg3 Bd7 33. Bf1 Be8 34. Be2
Bd7 35. Bd1 h6 36. Rab2 Rh8 37. b5 axb5 38. axb5 Rcc8 39. Ba4 hxg5 40. fxg5 e5
41. c6 bxc6 42. bxc6 Bxc6 43. Rb7+ Bxb7 44. Rxb7+ Kd6 45. Rxa7 Rc3 46. Ra6+ Kc7
47. Nxe5 Rxe3+ 48. Nf3 Rd8 49. Rc6+ Kb7 50. Rf6 Re7 51. Bc6+ Kc7 52. Nd4 Kc8
53. Bb5 Rc7 54. Ba6+ 1-0

[Event "XXXIII Festival A"]
[Site "Arco ITA"]
[Date "2011.10.25"]
[Round "4"]
[White "Zucchelli, Massimo"]
[Black "Prelati, Maurizio"]
[Result "1/2-1/2"]
[WhiteElo "2149"]
[BlackElo "2012"]
[PlyCount "46"]
[EventDate "2011.10.22"]

1. d4 d5 2. c4 c6 3. e3 Nf6 4. Nf3 Bf5 5. Nc3 e6 6. Bd3 Bxd3 7. Qxd3 Nbd7 8.
O-O Be7 9. Rd1 O-O 10. b3 Qc7 11. Bb2 dxc4 12. bxc4 c5 13. d5 exd5 14. Nxd5
Nxd5 15. Qxd5 Rad8 16. Qf5 Bf6 17. Bxf6 Nxf6 18. e4 Rxd1+ 19. Rxd1 Rd8 20. Re1
Qc8 21. Qf4 Ne8 22. e5 Nc7 23. h4 Ne6 1/2-1/2

[Event "XXXIII Festival A"]
[Site "Arco ITA"]
[Date "2011.10.26"]
[Round "5"]
[White "Ager, Josef"]
[Black "Ziltener, Werner"]
[Result "1-0"]
[WhiteElo "2190"]
[BlackElo "2081"]
[PlyCount "99"]
[EventDate "2011.10.22"]

1. Nf3 d5 2. c4 c6 3. g3 Nf6 4. Bg2 Bg4 5. O-O e6 6. Qb3 Qb6 7. Qc2 Nbd7 8. d3
h6 9. b3 Be7 10. Nc3 O-O 11. Be3 Qc7 12. Bf4 Bd6 13. Bd2 Rfe8 14. Rac1 Rac8 15.
Qb2 Qb8 16. Rfe1 Rcd8 17. b4 dxc4 18. dxc4 Ne5 19. Nxe5 Bxe5 20. f4 Bd4+ 21. e3
Bb6 22. c5 Bc7 23. e4 Rd7 24. e5 Nd5 25. Ne4 Rf8 26. Nd6 Ne7 27. Be3 Bf5 28. a4
Nd5 29. Bf2 Bd8 30. b5 Be7 31. Qa3 Qa8 32. h3 Bh7 33. Red1 Rb8 34. Kh2 Rdd8 35.
Bd4 Rf8 36. Rf1 Rbd8 37. g4 f5 38. Bxd5 exd5 39. Qg3 fxg4 40. Qxg4 Bxd6 41.
exd6 Rf7 42. Rg1 Rdd7 43. Bxg7 Bf5 44. Qh5 Rxg7 45. Qxf5 Qd8 46. Rce1 Rdf7 47.
Rxg7+ Kxg7 48. Rg1+ Kf8 49. Qg6 Qf6 50. Qg8# 1-0

[Event "XXXIII Festival A"]
[Site "Arco ITA"]
[Date "2011.10.26"]
[Round "5"]
[White "Aigner, Georg"]
[Black "Bevilacqua, Maurizio"]
[Result "0-1"]
[WhiteElo "1988"]
[BlackElo "2147"]
[PlyCount "84"]
[EventDate "2011.10.22"]

1. e4 c5 2. Nf3 e6 3. c4 Nc6 4. Nc3 a6 5. Be2 Qc7 6. d3 Nf6 7. h3 d6 8. O-O Be7
9. Rb1 O-O 10. a3 Rd8 11. Bf4 Nd7 12. b4 cxb4 13. axb4 Bf6 14. Be3 Bxc3 15. d4
Bxb4 16. d5 Bc5 17. dxc6 bxc6 18. Bg5 f6 19. Bd2 e5 20. Nh4 Nf8 21. Qa4 a5 22.
Rb3 Ne6 23. Nf3 Bd4 24. Ra3 Bb6 25. Rfa1 Bd7 26. Qd1 Nc5 27. Qc2 Ra7 28. Bc3
Be8 29. Nd2 Bg6 30. Kh1 d5 31. cxd5 cxd5 32. f3 Kh8 33. Qa2 dxe4 34. Nc4 a4 35.
Nxb6 Qxb6 36. Rb1 Qc6 37. Bb4 Nd3 38. fxe4 Nxb4 39. Rxb4 Qc1+ 40. Kh2 Qf4+ 41.
Kh1 Rc7 42. Qb2 Rc1+ 0-1

[Event "XXXIII Festival A"]
[Site "Arco ITA"]
[Date "2011.10.26"]
[Round "5"]
[White "Antoniacci, Riccardo"]
[Black "Sigmund, Ingenuin"]
[Result "1-0"]
[WhiteElo "1913"]
[BlackElo "1788"]
[PlyCount "63"]
[EventDate "2011.10.22"]

1. e4 g6 2. d4 Bg7 3. Nf3 d6 4. Bc4 e6 5. O-O c6 6. Bb3 Ne7 7. Bg5 h6 8. Be3
Qc7 9. Qd2 Nd7 10. c4 Nf6 11. Nc3 Ng4 12. Bf4 e5 13. Bg3 exd4 14. Nxd4 h5 15.
c5 Be5 16. Bxe5 dxe5 17. Nf3 Bd7 18. h3 Nh6 19. Qg5 Nhg8 20. Qxe5 Qxe5 21. Nxe5
Be6 22. Bxe6 fxe6 23. Rad1 Nf6 24. Rd6 O-O 25. Rxe6 Rae8 26. Nc4 Nc8 27. Rxe8
Rxe8 28. f3 Rd8 29. Rd1 Rxd1+ 30. Nxd1 b5 31. Nd6 Ne7 32. Ne3 1-0

[Event "XXXIII Festival A"]
[Site "Arco ITA"]
[Date "2011.10.26"]
[Round "5"]
[White "Astengo, Corrado"]
[Black "Ciola, Alberto"]
[Result "1/2-1/2"]
[WhiteElo "2095"]
[BlackElo "1915"]
[PlyCount "60"]
[EventDate "2011.10.22"]

1. e4 c5 2. Nf3 Nc6 3. d4 cxd4 4. Nxd4 g6 5. Nc3 Bg7 6. Be3 d6 7. Qd2 Nf6 8. f3
O-O 9. O-O-O Nxd4 10. Bxd4 Be6 11. g4 a6 12. h4 h5 13. g5 Nd7 14. Bxg7 Kxg7 15.
Nd5 b5 16. f4 Bxd5 17. Qxd5 Nb6 18. Qd4+ Kh7 19. f5 Qc7 20. Bh3 Rad8 21. Rhf1
Nc4 22. Rf2 Ne5 23. Rdf1 Qc4 24. fxg6+ Kxg6 25. Qd1 Rh8 26. Kb1 a5 27. Qd5 Qxd5
28. exd5 Kg7 29. Re2 Rb8 30. Rf4 b4 1/2-1/2

[Event "XXXIII Festival A"]
[Site "Arco ITA"]
[Date "2011.10.26"]
[Round "5"]
[White "Bacchelli, Andrea"]
[Black "Schaberg, Wolfgang"]
[Result "1/2-1/2"]
[WhiteElo "1789"]
[BlackElo "1880"]
[PlyCount "80"]
[EventDate "2011.10.22"]

1. e4 c5 2. Nf3 d6 3. d4 cxd4 4. Nxd4 Nf6 5. Nc3 a6 6. Bc4 e6 7. Bg5 Be7 8. Qf3
Qc7 9. Bb3 Nc6 10. Nxc6 bxc6 11. O-O O-O 12. Rfe1 Bb7 13. Qg3 Rfd8 14. Bh6 Ne8
15. Ne2 Bf6 16. c3 d5 17. Nf4 dxe4 18. Qg4 Kh8 19. Bg5 Qe5 20. h4 h6 21. Bxf6
Nxf6 22. Qg3 Kg8 23. Rad1 c5 24. Ne2 Qh5 25. Qc7 Rdb8 26. Qf4 Qf5 27. Qg3 a5
28. Bc2 Ba6 29. b3 Rd8 30. c4 Qg4 31. Qxg4 Nxg4 32. Bxe4 Rab8 33. Nc3 Kf8 34.
Kf1 Ke7 35. Ke2 f5 36. f3 Nf6 37. Bd3 Bb7 38. Rd2 Bc6 39. Red1 Rd7 40. Nb5 Rbd8
1/2-1/2

[Event "XXXIII Festival A"]
[Site "Arco ITA"]
[Date "2011.10.26"]
[Round "5"]
[White "Battistella, Stefano"]
[Black "La Manna, Andrea"]
[Result "1/2-1/2"]
[WhiteElo "2081"]
[BlackElo "2189"]
[PlyCount "49"]
[EventDate "2011.10.22"]

1. c4 f5 2. g3 Nf6 3. Bg2 g6 4. Nc3 Bg7 5. e3 O-O 6. Nge2 d6 7. O-O e5 8. b3 c6
9. Ba3 Na6 10. d3 Nc7 11. Qd2 Re8 12. Rae1 d5 13. cxd5 cxd5 14. d4 e4 15. Rc1
Bd7 16. Bd6 Ne6 17. Be5 g5 18. Bxf6 Qxf6 19. Nxd5 Qh6 20. Rc7 Bc6 21. Ne7+ Rxe7
22. Rxe7 Bf8 23. Rxe6 Qxe6 24. Rc1 a5 25. d5 1/2-1/2

[Event "XXXIII Festival A"]
[Site "Arco ITA"]
[Date "2011.10.26"]
[Round "5"]
[White "Billio, Atto"]
[Black "Molina, Fabrizio"]
[Result "0-1"]
[WhiteElo "2071"]
[BlackElo "2258"]
[PlyCount "84"]
[EventDate "2011.10.22"]

1. f4 g6 2. Nf3 Bg7 3. d3 d6 4. e4 c5 5. g3 Nc6 6. Bg2 Nf6 7. O-O O-O 8. c3 Rb8
9. a4 a6 10. Na3 b5 11. axb5 axb5 12. Qe1 Na5 13. Nd2 Nd7 14. Nc2 Bb7 15. Rb1
Qc7 16. Ne3 e6 17. Ng4 Rfe8 18. Qd1 f5 19. Nf2 Ba8 20. Re1 Kh8 21. Nf1 b4 22.
c4 Bb7 23. b3 Nc6 24. Bb2 Nd4 25. Nd2 Ra8 26. Nf3 Bc6 27. Bxd4 cxd4 28. Qc2 Qb7
29. Nd2 Nc5 30. Bh1 Ra3 31. exf5 Bxh1 32. Nxh1 gxf5 33. Nf2 e5 34. Re2 Qa8 35.
Rbe1 Ra2 36. Qb1 Ra7 37. Nh3 e4 38. Nf2 e3 39. Nh3 Ra2 40. Nf1 Rxe2 41. Rxe2
Qf3 42. Qd1 h6 0-1

[Event "XXXIII Festival A"]
[Site "Arco ITA"]
[Date "2011.10.26"]
[Round "5"]
[White "Bisignano, Giuseppe"]
[Black "Ludwig, Timm"]
[Result "1-0"]
[WhiteElo "1908"]
[BlackElo "1700"]
[PlyCount "51"]
[EventDate "2011.10.22"]

1. e4 c5 2. Nf3 d6 3. Nc3 g6 4. d4 cxd4 5. Qxd4 Nf6 6. Bb5+ Nc6 7. O-O Bg7 8.
e5 Nd7 9. Qe4 Ncxe5 10. Bf4 Nxf3+ 11. Qxf3 O-O 12. Rfe1 Ne5 13. Qg3 Bf5 14.
Rad1 Qa5 15. Ba4 Rac8 16. Bb3 Rfe8 17. h4 h5 18. Nd5 Be6 19. Bg5 Bxd5 20. Bxd5
Rc5 21. Bb3 Kh7 22. f4 Ng4 23. Bxf7 Rf8 24. Rxe7 Rf5 25. Bb3 Qc5+ 26. Kf1 1-0

[Event "XXXIII Festival A"]
[Site "Arco ITA"]
[Date "2011.10.26"]
[Round "5"]
[White "Blasco, Domenico"]
[Black "Savarese, Vincenzo"]
[Result "1/2-1/2"]
[WhiteElo "1965"]
[BlackElo "1805"]
[PlyCount "125"]
[EventDate "2011.10.22"]

1. d4 d5 2. Nf3 Nf6 3. e3 g6 4. b4 Bg7 5. Be2 O-O 6. O-O a5 7. b5 a4 8. c4 dxc4
9. Bxc4 Nbd7 10. Nc3 Nb6 11. Be2 Be6 12. Ba3 Nc4 13. Bb4 a3 14. Ng5 Qd7 15.
Nxe6 Qxe6 16. Qb3 Nd6 17. Qxe6 fxe6 18. Rac1 Rfc8 19. Bf3 c6 20. bxc6 bxc6 21.
e4 Nb5 22. Nxb5 cxb5 23. Bxe7 Rc4 24. e5 Nd5 25. Bxd5 exd5 26. Bc5 h6 27. Rb1
Rc2 28. Rxb5 Rxa2 29. Rb3 Bf8 30. e6 Bxc5 31. dxc5 Rb2 32. Rd3 a2 33. Rdd1 Rab8
34. c6 Rc2 35. Rxd5 Rxc6 36. e7 Rcc8 37. Ra5 Ra8 38. Rxa8 Rxa8 39. g3 Kf7 40.
Ra1 Kxe7 41. Kf1 Kf6 42. Ke2 Ra3 43. Kd2 Ke5 44. Kc1 Ke4 45. Kb2 Ra7 46. Re1+
Kf3 47. Ka1 Kxf2 48. Re4 Ra5 49. g4 Kg2 50. h4 Kf3 51. Rc4 Kg3 52. h5 gxh5 53.
gxh5 Rxh5 54. Kxa2 Rh2+ 55. Kb3 h5 56. Rc3+ Kf4 57. Rc4+ Ke5 58. Kc3 h4 59. Kd3
h3 60. Ke3 Kd5 61. Rh4 Ra2 62. Kf3 h2 63. Kg3 1/2-1/2

[Event "XXXIII Festival A"]
[Site "Arco ITA"]
[Date "2011.10.26"]
[Round "5"]
[White "Borries, Barbara"]
[Black "Falasca, Valerio"]
[Result "1-0"]
[WhiteElo "1901"]
[BlackElo "1593"]
[PlyCount "107"]
[EventDate "2011.10.22"]

1. e4 c5 2. Nf3 g6 3. Bc4 Nc6 4. c3 Bg7 5. O-O Nf6 6. e5 Ng4 7. d4 cxd4 8. cxd4
d5 9. Bb5 O-O 10. Bxc6 bxc6 11. h3 Nh6 12. b3 f6 13. Re1 fxe5 14. Nxe5 Qc7 15.
Qc2 Bd7 16. Bb2 Nf7 17. Nf3 Bf5 18. Qc5 Rae8 19. Nc3 Nd6 20. Nxd5 Qd7 21. Nf4
Bh6 22. Ne5 Qc7 23. Nd5 Qb7 24. Qxc6 Qxc6 25. Nxc6 e6 26. Nde7+ Kf7 27. Nxf5
exf5 28. Ba3 Re6 29. d5 Rxe1+ 30. Rxe1 Ne4 31. f3 Nc3 32. Re7+ Kg8 33. d6 Bg5
34. d7 Bxe7 35. Bxe7 Ra8 36. d8=Q+ Rxd8 37. Bxd8 Nxa2 38. Nxa7 Kf7 39. Ba5 Ke6
40. Kf2 Kd5 41. b4 Nc3 42. b5 Na4 43. b6 Nc5 44. Ke2 Nb7 45. Bd2 Nd6 46. Be3
Nb7 47. Kd3 h5 48. Nb5 Kc6 49. Nc3 Kd6 50. f4 Nd8 51. Kc4 Kc6 52. Nd5 Kd6 53.
Bc5+ Kc6 54. Ne7+ 1-0

[Event "XXXIII Festival A"]
[Site "Arco ITA"]
[Date "2011.10.26"]
[Round "5"]
[White "Bozzao, Francesco"]
[Black "De Simone Sorrentino, Fabio"]
[Result "1/2-1/2"]
[WhiteElo "1830"]
[BlackElo "1705"]
[PlyCount "55"]
[EventDate "2011.10.22"]

1. d4 d5 2. Nf3 Nf6 3. c4 e6 4. g3 c6 5. Bg2 dxc4 6. Ne5 Nbd7 7. Nxc4 Bb4+ 8.
Bd2 Bxd2+ 9. Qxd2 O-O 10. O-O Nb6 11. Nxb6 Qxb6 12. e3 c5 13. dxc5 Qxc5 14. Rc1
Qb6 15. Nc3 Rd8 16. Qe2 Bd7 17. Ne4 Nxe4 18. Bxe4 Bb5 19. Qf3 Rd7 20. Rc3 f5
21. Bc2 Bc6 22. e4 Rd2 23. Qe3 Qxe3 24. fxe3 fxe4 25. Rf1 Rf8 26. Rxf8+ Kxf8
27. b4 a6 28. a4 1/2-1/2

[Event "XXXIII Festival A"]
[Site "Arco ITA"]
[Date "2011.10.26"]
[Round "5"]
[White "Bruno, Elio"]
[Black "Coqueraut, Lodewyk"]
[Result "0-1"]
[WhiteElo "1641"]
[BlackElo "1794"]
[PlyCount "104"]
[EventDate "2011.10.22"]

1. e4 c5 2. Nf3 d6 3. d4 cxd4 4. Nxd4 Nf6 5. Nc3 a6 6. Be3 Qc7 7. Be2 e6 8. Qd2
Be7 9. O-O-O Nbd7 10. h4 b5 11. g4 b4 12. Na4 Nxe4 13. Qxb4 d5 14. Qe1 Rb8 15.
Nb3 Bb4 16. Nd2 O-O 17. f3 Nec5 18. Nxc5 Nxc5 19. a3 Bxd2+ 20. Bxd2 e5 21. Kb1
Be6 22. Ka1 Rfc8 23. h5 Qb6 24. Rb1 d4 25. h6 Nb3+ 26. Ka2 Rxc2 27. Bd3 Nc1+
28. Ka1 Qb3 29. Bxh7+ Kxh7 30. hxg7+ Kxg7 31. Qxe5+ f6 32. Rh7+ Kg8 33. Rh8+
Kf7 34. Qh5+ Ke7 35. Bb4+ Rxb4 36. Qe8+ Kd6 37. Qd8+ Kc6 38. Qe8+ Kc7 39. Qd8+
Kc6 40. Qa8+ Kc5 41. axb4+ Qxb4 42. Qf8+ Kc4 43. Qxb4+ Kxb4 44. Rh6 Nb3+ 45.
Ka2 Nd2+ 46. Ka1 Nxb1 47. Kxb1 Rf2 48. Rxf6 Bc4 49. Kc1 d3 50. Rb6+ Kc5 51. Rf6
Bb3 52. Rf5+ Kd4 0-1

[Event "XXXIII Festival A"]
[Site "Arco ITA"]
[Date "2011.10.26"]
[Round "5"]
[White "Buck, Klaus-Michael"]
[Black "Vaccari, Giorgio"]
[Result "0-1"]
[WhiteElo "1813"]
[BlackElo "1656"]
[PlyCount "97"]
[EventDate "2011.10.22"]

1. b3 e5 2. Bb2 Nc6 3. e3 a6 4. Nf3 d6 5. Nc3 Nf6 6. h3 Be7 7. d4 e4 8. Nd2 d5
9. Ne2 Be6 10. c4 Bd6 11. c5 Be7 12. Bc3 O-O 13. b4 Ne8 14. Nf4 Bg5 15. Nxe6
fxe6 16. Be2 Bxe3 17. O-O Bxd4 18. Nxe4 dxe4 19. Qb3 Qf6 20. Bxd4 Nxd4 21. Qc4
Nxe2+ 22. Qxe2 c6 23. Qxe4 Nc7 24. a3 Rad8 25. Qe3 Rd4 26. Rad1 Rfd8 27. Rxd4
Qxd4 28. Qg3 e5 29. Re1 Qf4 30. Qb3+ Nd5 31. Qb2 Qd4 32. Qe2 Rf8 33. Qxe5 Qxe5
34. Rxe5 Kf7 35. Rf5+ Ke7 36. Re5+ Kd7 37. Rg5 Rf7 38. Rg3 Nf6 39. Rd3+ Kc7 40.
Rf3 Re7 41. Kf1 Kd7 42. Rd3+ Kc7 43. Rf3 Kd8 44. Rd3+ Ke8 45. g3 Nd5 46. Kg2
Nc7 47. Kf1 Ne6 48. Kg2 Rd7 49. Re3 0-1

[Event "XXXIII Festival A"]
[Site "Arco ITA"]
[Date "2011.10.26"]
[Round "5"]
[White "Burani, Eugenio"]
[Black "Cavatorta, Ivan"]
[Result "1/2-1/2"]
[WhiteElo "1932"]
[BlackElo "1808"]
[PlyCount "137"]
[EventDate "2011.10.22"]

1. e4 e6 2. d4 d5 3. e5 c5 4. c3 Qb6 5. Nf3 Bd7 6. a3 a5 7. Be2 Bb5 8. O-O Bxe2
9. Qxe2 Nc6 10. Nbd2 cxd4 11. cxd4 Nh6 12. b3 Nf5 13. Bb2 Be7 14. Qd3 O-O 15.
g4 Nh4 16. Nxh4 Bxh4 17. f4 Be7 18. Kh1 Qa6 19. Qe3 f6 20. f5 fxe5 21. dxe5 d4
22. Bxd4 Nxd4 23. Qxd4 Rfd8 24. Qf4 Qc6+ 25. Nf3 Rd3 26. Rac1 Qd5 27. Rc7 Bd8
28. Rcc1 Bb6 29. Rc4 Rd1 30. Rc1 Rxf1+ 31. Rxf1 Qd3 32. Qc4 Qxc4 33. bxc4 Rc8
34. Rb1 Bc5 35. Rxb7 exf5 36. gxf5 Rf8 37. Rc7 Bxa3 38. Nd4 Bb2 39. Nc6 Ba3 40.
Nd4 a4 41. c5 Bb2 42. Nc6 Ra8 43. e6 a3 44. Nb4 Bf6 45. Rd7 a2 46. Nxa2 Rxa2
47. c6 Kf8 48. Rb7 Be5 49. c7 Ra8 50. Kg2 Rc8 51. Rb5 Bd6 52. Rd5 Ke7 53. h4
Rxc7 54. Kh3 Rc3+ 55. Kg4 Rg3+ 56. Kh5 g6+ 57. fxg6 hxg6+ 58. Kh6 Kxe6 59. Rb5
Rg1 60. Kh7 Kf6 61. Rb6 Ke7 62. Rb7+ Kf8 63. Rg7 Rh1 64. Rg8+ Ke7 65. Kxg6 Rxh4
66. Ra8 Bf4 67. Kf5 Bc7 68. Ra6 Rh5+ 69. Ke4 1/2-1/2

[Event "XXXIII Festival A"]
[Site "Arco ITA"]
[Date "2011.10.26"]
[Round "5"]
[White "Casagrande, Fabio"]
[Black "Zucchelli, Massimo"]
[Result "0-1"]
[WhiteElo "1991"]
[BlackElo "2149"]
[PlyCount "94"]
[EventDate "2011.10.22"]

1. e4 e6 2. d4 d5 3. Nc3 Bb4 4. e5 c5 5. Bd2 Nh6 6. Bxh6 gxh6 7. a3 Ba5 8. dxc5
d4 9. b4 dxc3 10. bxa5 Qxa5 11. Nf3 Nd7 12. Rb1 Qxc5 13. Bb5 a6 14. Bd3 Nxe5
15. O-O Nxd3 16. Qxd3 Bd7 17. Rxb7 Bb5 18. Qe4 Bc6 19. Rc7 Bxe4 20. Rxc5 Bxc2
21. Rxc3 Bg6 22. Rfc1 O-O 23. Ne5 Rfd8 24. Nc6 Rd2 25. f3 Kg7 26. Ne5 Rb8 27.
Nxg6 hxg6 28. R3c2 Rxc2 29. Rxc2 Rb3 30. a4 Ra3 31. Rc4 Ra2 32. h4 h5 33. Kh2
Kf6 34. Rf4+ Ke7 35. Kh3 a5 36. g4 Rb2 37. gxh5 gxh5 38. Rc4 Rb4 39. Rc5 Rxa4
40. Rxh5 Ra1 41. Rg5 a4 42. Rg2 Kf6 43. Rg4 a3 44. Rf4+ Kg7 45. Ra4 a2 46. Kg2
e5 47. Kf2 Rh1 0-1

[Event "XXXIII Festival A"]
[Site "Arco ITA"]
[Date "2011.10.26"]
[Round "5"]
[White "Catalfamo, Santo"]
[Black "Rizzo, Giuseppe"]
[Result "0-1"]
[WhiteElo "1915"]
[BlackElo "1732"]
[PlyCount "106"]
[EventDate "2011.10.22"]

1. e4 Nf6 2. Bc4 e6 3. Nc3 d5 4. exd5 exd5 5. Bb3 Be7 6. d4 O-O 7. Nge2 b6 8.
O-O Bb7 9. Re1 Na6 10. a3 c5 11. Be3 Nc7 12. h3 Qd7 13. Ng3 c4 14. Ba2 Rfe8 15.
Nce2 Bd6 16. c3 Ne6 17. Qd2 Nf8 18. Rad1 Bc7 19. Bb1 Ng6 20. Bg5 Qd6 21. Qc2
Ne4 22. Nxe4 Qh2+ 23. Kf1 Qh1+ 24. Ng1 dxe4 25. g3 e3 26. Bxe3 Qg2+ 27. Ke2
Bxg3 28. Kd2 Bxf2 29. Bxf2 Qxf2+ 30. Re2 Qf4+ 31. Ke1 Qh4+ 32. Kf1 Nf4 33. Rf2
Nd3 34. Rxd3 cxd3 35. Qxd3 Be4 36. Qd1 Bxb1 37. Qxb1 Qe4 38. Qa2 Qd3+ 39. Kg2
Qe4+ 40. Kf1 Qd3+ 41. Kg2 Re6 42. Ne2 Qe4+ 43. Kh2 Qe3 44. Kg1 Rg6+ 45. Kf1
Qxh3+ 46. Ke1 Rf8 47. d5 Qh1+ 48. Kd2 Qh6+ 49. Kd1 Qe3 50. Ke1 Rg1+ 51. Rf1 Rg2
52. Qc4 Re8 53. Kd1 Rxe2 0-1